| 000 | 00479cam a2200193ua 4500 | ||
|---|---|---|---|
| 001 | 3002 | ||
| 005 | 20260515113622.0 | ||
| 008 | 110921n ii |||gr||||Z||||||asm | ||
| 040 | _cMAIN | ||
| 082 | _a920 | ||
| 100 | 1 | _aBhuyan, Surjya Kumar, | |
| 245 | 1 | 1 |
_aAnundoram Borooah _cby Suryya Kumar Bhuyan |
| 250 | _a8th. | ||
| 260 |
_aGuahati: _bLawyers book Stall,992. |
||
| 300 |
_a163p: _c23cm. |
||
| 653 | _aBiography | ||
| 653 | _aBiography of Anundoram Borooah | ||
| 942 | _cBK | ||
| 999 |
_c2848 _d2848 |
||